|
|
|
|
| LEADER |
00000nab a2200000 ar4500 |
| 001 |
vtls008297633 |
| 003 |
SK-MaSNL |
| 005 |
20260303094741.0 |
| 008 |
050914c20050909xo dr|p|||||||000 b|slo |
| 015 |
|
|
|a SNBRB2005/09
|2 snkbucl
|
| 038 |
|
|
|a SNKBUCL
|
| 040 |
|
|
|a SNKBUCL
|b slo
|c SNKBUCL
|e AACR2
|
| 041 |
0 |
|
|a slo
|
| 044 |
|
|
|a xo
|c SK
|
| 080 |
|
|
|a 796.853.23.093.1
|x (100)
|2 UDC-MRF-SK2
|
| 245 |
0 |
0 |
|a Keď navierali tepny a hmotnosť skákala
|b v úvodný deň 24. MS v džude mužov a 14. MS žien štyri zlaté medaily do štyroch krajín
|c Ivor Lehoťan
|
| 611 |
2 |
7 |
|a Majstrovstvá sveta mužov v džude
|n (24. :
|d 2005 :
|c Káhira, Egypt)
|2 snkbucl
|9 1078938
|
| 611 |
2 |
7 |
|a Majstrovstvá sveta žien v džude
|n (14. :
|d 2005 :
|c Káhira, Egypt)
|2 snkbucl
|9 1078939
|
| 650 |
0 |
7 |
|a džudo
|2 snkbucl
|9 3273
|
| 773 |
0 |
|
|t Šport
|g Roč. 59, č. 209 (9.9.2005), s. 37
|x 0139-7001
|
| 852 |
|
|
|a SNK
|b KIS3GCP
|
| 999 |
|
|
|c 1822360
|d 1824290
|